Alle Käfer-Pokemon - Statistiken

Allgemein
  • Dieses Quiz wurde 311 mal gespielt
    187 seit der letzten Aktualisierung
  • Das Durchschnittsergebnis liegt bei 70 aus 92
Antwortstatistiken
Pokedex-Nummer Pokemon 2. Typ % Korrekt
015 Bibor Gift
100%
010 Raupy
100%
012 Smettbo Flug
100%
013 Hornliu Gift
99%
014 Kokuna Gift
99%
046 Paras
97%
047 Parasek
97%
011 Safcon
97%
123 Sichlor Flug
97%
214 Skaraborn Kampf
94%
267 Papinella Flug
93%
127 Pinsir
93%
168 Ariados Gift
92%
048 Bluzuk Gift
92%
049 Omot Gift
92%
268 Panekon
92%
269 Pudox Gift
92%
266 Schaloko
92%
265 Waumpel
92%
290 Nincada Boden
90%
212 Scherox Stahl
90%
167 Webarak Gift
90%
284 Maskeregen Flug
89%
292 Ninjatom Geist
89%
291 Ninjask Flug
87%
283 Gehweiher Wasser
86%
414 Moterpel Flug
86%
413 Burmadame Pf/Bo/St
85%
412 Burmy
85%
205 Forstellka Stahl
85%
166 Ledian Käfer
85%
193 Yanma Flug
85%
165 Ledyba Käfer
83%
204 Tannza
83%
540 Strawickl Pflanze
82%
415 Wadribie Flug
82%
469 Yanmega Flug
82%
416 Honweisel Flug
80%
542 Matrifol Pflanze
80%
213 Pottrott Gestein
80%
637 Ramoth Feuer
80%
545 Cerapendra Gift
79%
543 Toxiped Gift
79%
347 Anorith Gestein
77%
348 Armaldo Gestein
77%
541 Folikon Pflanze
77%
649 Genesect Stahl
77%
636 Ignivor Feuer
77%
544 Rollum Gift
77%
595 Wattzapf Elektro
77%
402 Zirpeise
77%
738 Donarion Elektro
76%
596 Voltula Elektro
76%
401 Zirpurze
76%
737 Akkup Elektro
73%
558 Castellith Gestein
73%
736 Mabula
73%
451 Pionskora Gift
72%
632 Fermicula Stahl
70%
557 Lithomith Gestein
70%
314 Illumise
69%
666 Vivillon Flug
69%
313 Volbeat
69%
664 Purmel
68%
850 Thermopod Feuer
68%
752 Aranestro Wasser
66%
751 Araqua Wasser
66%
851 Infernopod Feuer
66%
665 Puponcho
66%
873 Mottineva Eis
65%
767 Reißlaus Wasser
65%
872 Snomnom Eis
65%
768 Tectass Wasser
65%
743 Bandelby Fee
63%
616 Schnuthelm
63%
589 Cavalanzas Stahl
62%
588 Laukaps
62%
794 Masskito Kampf
62%
795 Schabelle Kampf
62%
742 Wommel Fee
62%
617 Hydragil
61%
825 Keradar Psycho
61%
824 Sensect
61%
826 Maritellit Psycho
59%
900 Axantor Gestein
52%
920 Lextremo Unlicht
44%
919 Micrick
42%
988 Kriechflügel Kampf
41%
917 Tarundel
41%
918 Spinsidias
38%
953 Relluk
37%
954 Skarabaks Psycho
32%
Keine übereinstimmenden Quizze gefunden
Verteilung der Resultate
Anzahl Personen mit jedem Resultat
Perzentil nach korrekt beantworteten Fragen
Ihre Resultats-Entwicklung
Sie haben dieses Quiz seit der letzten Aktualisierung nicht gespielt